| 000 | 01213nac a22003011i 4500 | ||
|---|---|---|---|
| 003 | EG-ScBUE | ||
| 005 | 20250624083050.0 | ||
| 008 | 250616t1964 nyua f 001 0 eng d | ||
| 040 |
_aEG-ScBUE _beng _erda _cEG-ScBUE _dEG-ScBUE |
||
| 082 | 0 | 4 |
_a537.622 _bADL _222 |
| 100 | 1 |
_aAdler, Richard B., _eauthor. |
|
| 245 | 1 | 0 |
_aIntroduction to semiconductor physics / _cby R. B. Adler, Massachusetts Institute of Technology, A. C. Smith, Massachusetts Institute of Technology, R. L. Longini, Carnegie Institute of Technology, formerly with Westinghouse Research Laboratories, Pittsburgh, Pa. |
| 264 | 1 |
_aNew York : _bJohn Wiley & Sons, Inc., _c[1964] |
|
| 264 | 4 | _cc1964 | |
| 300 |
_axiv, 247 pages : _billustrations ; _c22 cm. |
||
| 336 |
_2rdacontent _atext _btxt |
||
| 337 |
_aunmediated _2rdamedia _bn |
||
| 338 |
_avolume _bnc _2rdacarrier |
||
| 490 | 0 |
_aSemiconductor Electronics Education Committee books ; _vvolume 1 |
|
| 500 | _aIncludes index. | ||
| 500 | _aIncludes appendix. | ||
| 650 | 7 |
_aSemiconductors. _2BUEsh |
|
| 655 | _vReading book | ||
| 700 | 1 |
_aSmith, A. C., _eauthor. |
|
| 700 | 1 |
_aLongini, Richard L., _d1913-2005, _eauthor. |
|
| 942 |
_cBB _2ddc |
||
| 999 |
_c1810 _d1810 |
||